000 00567nam a2200205Ia 4500
003 GCL
008 140319s9999 xx 000 0 eng d
020 _a0415946425
040 _aGCL /
_cGCL
082 0 4 _a363.32
_bC G
100 1 _aCUTTER, SUSAN L.
245 1 0 _aTHE GEOGRAPHICAL DIMENSIONS OF TERRORISM /
_cCUTTER, SUSAN L.
700 1 _aRICHARDSON, DOUGLAS B.
260 _aنيويورك :
_bROUTLEDGE ،
_c2003
300 _a24 CM ؛
_c274 P
650 0 4 _aGEOGRAPHY
650 0 4 _aTERRORISM
650 0 4 _aGEOGRAPHICAL INFORMATION SYSTEM
942 _2ddc
_cBK
999 _c6540
_d6540